1986 hits: fill in the lyrics - Statistics

General Stats
  • This quiz has been taken 95 times
  • The average score is 9 of 15
Answer Stats
Artist Lyrics Answer % Correct
Bon Jovi Shot through the heart and you're to blame. Darling, you give love a ___ ____. bad name
94%
Dionne Warwick and friends Keep smiling, keep shining, knowing you can always count on me, for sure. That's what ______ ___ ___. friends are for
84%
Pet Shop Boys In a ____ ___ town, a dead end world, the East End boys and ____ ___ girls. West End
84%
Bananarama She's got it, yeah, baby, she's got it. I'm your _____, I'm your fire, at your desire. Venus
82%
Robert Palmer Whoa, you like to think that you're immune to the stuff, oh yeah. It's closer to the truth to say you can't get enough. You know you're gonna have to face it, you're ________ __ ____. addicted to love
75%
Peter Gabriel I want to be your ___________. Why don't you call my name? Oh, let me be your ___________. sledgehammer
72%
Prince You don't have to be rich to be my girl. You don't have to be cool to rule my world. Ain't no particular sign I'm more compatible with. I just want your extra time and your ____. kiss
71%
Madonna Papa, don't preach, I'm in trouble deep. Papa, don't preach, I've been losing sleep, but I made up my mind, I'm _______ __ ____. keeping my baby
69%
Huey Lewis and the News It's true, I am happy to be _____ with you. stuck
61%
Dire Straits He got the action, he got the motion. Oh, yeah, the boy ___ ____.Dedication, devotion. He turnin' all the nighttime into the day can play
54%
Janet Jackson Used to be a time when you would pamper me. Used to brag about it all the time. Your friends seem to think that you're so peachy-keenBut my friends say neglect is on your mind. Who's right? What have you done ___ __ ______? for me lately
52%
Dream Academy Ah-hey-ma-ma-ma, dee-doo-din-nie-ya-ya, ah-hey-ma-ma-ma, hey-y-yah ... Life in a ________ ____. northern town
49%
John Cougar Mellencamp All my friends are so _____ ____. My parents live in the same _____ ____. My job is so _____ ____. Provides little opportunity. small town
45%
Howard Jones You can see the summit but you can't reach it. It's the last piece of the puzzle, but you just can't make it fit. Doctor says you're cured but you still feel the pain. Aspirations in the clouds but your _____ __ ____ ___ _____. hopes go down the drain
18%
Scritti Politti I got a perfect way to make a new proposition. I got a perfect way to make a justification. I got a perfect way to make a certain a maybe. I got a perfect way to make ___ _____ __ _____. the girls go crazy
14%
No matching quizzes found
Score Distribution
Percent of People with Each Score
Percentile by Number Answered
Your Score History
You have not taken this quiz